LEADER 00913nam a2200205 i 4500 001 000000254399 003 CaOOAMICUS 005 20170605000000.0 008 170605s1825 it u000 u ita u 013 $a233304 026 $ae.r- ).u- love cono (7) 1825 (A) 040 $aSeMil$bita 245 10$a36. 300 $a270, [2] p., [1] c. di tav. :$bill. 773 0 $aCrevier, Jean Baptiste Louis <1693-1765>$tStoria degli imperatori romani di Crevier e del Basso impero di Le Beau. Versione ridotta a lezione migliore arricchita di annotazioni di un indice generale, con incisioni in rame istoriche e geografiche. Vol. 1.[- 57.].$dVenezia : Dalla Tipografia di Alvisopoli, 1822-1828$g36$w()33725 850 $aSeMil 852 $aSeMil$W1$xVenegono$y1$m3V VII 85 FA$j204745$B204745$CSeMilBibl$Z2$F218271 $8I 941 1 $a10 961 $aRecupero: Mantegazza 996 $6245$a36$9(OLS)http://semarc/title/410999 LEADER 00983nam a2200241 i 4500 001 000000055813 003 CaOOAMICUS 005 20150915000000.0 008 150915s1973 it u000 u ita u 013 $a26985 040 $aSeMil$bita 100 1 $aRabbow, Arnold.$0(OLS)http://semarc/name/28114 240 10$aDTV-Lexikon politischer Symbole.$0(OLS)http://semarc/title/86659 245 10$aDizionario dei simboli politici /$cArnold Rabbow. 260 $aMilano :$bSugar,$cstampa 1973. 300 $a335 p., [8] p. di tav. ;$c21 cm. 500 $aSulla copertina : 400 voci, 270 illustrazioni. 650 4$aPolitica - Enciclopedie e dizionari.$0(OLS)http://semarc/subject/1032 850 $aSeMil 852 $aSeMil$W1$xVenegono$y1$m3N V 372$j21967$B21967$CSeMilBibl$Z2$F21969 $81 961 $aOmaggio: Agenzia internazionale 996 $6245$aDizionario dei simboli politici$9(OLS)http://semarc/title/86658 996 $6260$aMilano :$bSugar$9(OLS)http://semarc/publisher/32210